Cambio climático alteraciones amientales y pobreza en Paraguay /

La degradación socioambiental y la crisis de civilización donde las ideas, asociadas a los paradigmas cientificos que proporcionaban certezas, ya no permiten encarar los problemas que generaron. Se enfoca en Paraguay, donde el extractivismo extranjero volcado a la exportación, que opera como economi...

Повний опис

Збережено в:
Бібліографічні деталі
Автор: Fogel, Ramón
Формат: Невідомо
Мова:Spanish
Опубліковано: Argentina : CLACSO
Серія:Colección CLACSO-CROP
Предмети:
Теги: Додати тег
Немає тегів, Будьте першим, хто поставить тег для цього запису!

MARC

LEADER 00000 a2200000 04500
001 44439
003
008 050704s2012 ag abo spa d
040
020 |a 978-987-1543-88-5  
022 |a 978-987-1543-88-5  
090 |a 1001 F655c  
100 |a Fogel, Ramón  
245 |a Cambio climático alteraciones amientales y pobreza en Paraguay /   |c Ramón Fogel  
260 |a Argentina :   |b CLACSO  
300 |a 284 páginas; ilustraciones; fotografías; cuadros; gráficos  
300 |b il.   |b map.   |b fotografías  
440 |a Colección CLACSO-CROP  
520 |a La degradación socioambiental y la crisis de civilización donde las ideas, asociadas a los paradigmas cientificos que proporcionaban certezas, ya no permiten encarar los problemas que generaron. Se enfoca en Paraguay, donde el extractivismo extranjero volcado a la exportación, que opera como economia de enclave, la deforestación y el uso extendido de biocidas, está exacerbando la crisis ambiental que agrava la pobreza del pais. Esta forma de producir está aniquilando diversas formas de vida y agrava los efectos de las manifestaciones del cambio climático, que junto con el calentamiento global está produciendo daños severos a las poblaciones más pobres. Existen grupos de campesinos organizados y movilizados, estas movilizaciones de resistencia detienen en el plano local la expansión del enclave sojero, pero tiende a quedarse en ese plano, lo que plantea la necesidad de articular esa resistencia a escalas más inclusivas. Prevalecen algunas formas de inserción en mercados globalizados favorables a las comunidades, a partir de organizaciones movilizadas en espacios de densidad organizativa, como santa Rosa del Aguaray. Se identificaron estrategias adaptativas ante el cambio climático desarrolladas por campesinos organizados y por indigenas. Estas estrategias adaptativas muestran como alternativas los sistemas agroforestales y silvopastoriles, y la misma agricultura ecológicamente orientada en el caso de las parcelas. La evidencia recogida en la investigación permite identificar la crisis ambiental y el cambio climático como factores que producen y agravan la pobreza; los responsables incluyen a grandes corporaciones que explotan la biotecnologia y a sus clientes, los empresarios productores de soja transgénica, entre otros.  
590 |a rose/31072013  
650 |a CAMBIO CLIMATICO  
650 |a POBREZA  
650 |a CRISIS AMBIENTAL  
650 |a CALENTAMIENTO GLOBAL  
650 |a AGRONEGOCIOS  
650 |a COMUNIDADES RURALES  
650 |a DETERIORO AMBIENTAL  
650 |a AGRICULTURA   |z -PARAGUAY  
999 |c 16438  |d 16438